El México desconocido (Record no. 9138)

MARC details
000 -CABECERA
campo de control de longitud fija 01161nam a2200277 a 4500
001 - NÚMERO DE CONTROL
campo de control BRL_325
005 - FECHA Y HORA DE LA ÚLTIMA TRANSACCIÓN
campo de control 20190320210703.0
008 - DATOS DE LONGITUD FIJA--INFORMACIÓN GENERAL
campo de control de longitud fija 290713s1904----nyua######---#000-0#spa-#
041 ## - CÓDIGO DE LENGUA
Código de lengua del texto/banda sonora o título independiente spa
044 ## - CÓDIGO DEL PAÍS DE LA ENTIDAD EDITORA/PRODUCTORA
Código MARC del país nyu
050 #4 - SIGNATURA TOPOGRÁFICA DE LA BIBLIOTECA DEL CONGRESO
Número de clasificación F1211
Número de documento/Ítem .L94 1904
100 1# - ENTRADA PRINCIPAL--NOMBRE DE PERSONA
Nombre de persona Lumholtz, Carl Sofus
Fechas asociadas al nombre 1851-1922
9 (RLIN) 7584
245 10 - MENCIÓN DE TÍTULO
Título El México desconocido
Resto del título cinco años de exploración entre las tribus de la Sierra Madre occidental, en la tierra caliente de Tepic y Jalisco, y entre los tarascos de Michoacán
Mención de responsabilidad, etc. por Carl Lumholtz ; tr. por Balbino Dávalos.
260 ## - PUBLICACIÓN, DISTRIBUCIÓN, ETC.
Lugar de publicación, distribución, etc. Nueva York
Nombre del editor, distribuidor, etc. Charles Scribner´s Sons
Fecha de publicación, distribución, etc. 1904
300 ## - DESCRIPCIÓN FÍSICA
Extensión 2 v.
Otras características físicas il. (algunas a color), mapas
Dimensiones 25 cm.
500 ## - NOTA GENERAL
Nota general Se cuenta con un 2do ej. del v.1 son copias y esta encuadernado (29 cm.)
500 ## - NOTA GENERAL
Nota general Estado físico: v.1. restaurado ; v.2. presenta rotura al centro de la 3ra hoja y carece de portada
500 ## - NOTA GENERAL
Nota general v.1. Au2368, v.1 Au302 (copias), v.2. Au301
650 14 - PUNTO DE ACCESO ADICIONAL DE MATERIA--TÉRMINO DE MATERIA
Término de materia o nombre geográfico como elemento de entrada Viajeros noruegos
9 (RLIN) 7585
650 14 - PUNTO DE ACCESO ADICIONAL DE MATERIA--TÉRMINO DE MATERIA
Término de materia o nombre geográfico como elemento de entrada Indígenas de México
9 (RLIN) 4678
650 14 - PUNTO DE ACCESO ADICIONAL DE MATERIA--TÉRMINO DE MATERIA
Término de materia o nombre geográfico como elemento de entrada Tarascos
9 (RLIN) 7587
651 #4 - PUNTO DE ACCESO ADICIONAL DE MATERIA--NOMBRE GEOGRÁFICO
Nombre geográfico México
Subdivisión general Descripción y viajes
9 (RLIN) 103
700 1# - PUNTO DE ACCESO ADICIONAL--NOMBRE DE PERSONA
Nombre de persona Dávalos, Balbino
Término indicativo de función/relación tr.
9 (RLIN) 23553
902 ## - CATALOGADOR
Iniciales GRL
942 ## - ELEMENTOS DE PUNTO DE ACCESO ADICIONAL (KOHA)
Fuente del sistema de clasificación o colocación Library of Congress Classification
Tipo de ítem Koha Libros
Holdings
Estado de retiro Estado de pérdida Estado dañado No para préstamo Localización permanente Ubicación/localización actual Fecha de adquisición Total de préstamos Signatura topográfica completa Código de barras Fecha visto por última vez Precio válido a partir de Tipo de ítem Koha
El ejemplar forma parte de la colección y puede ser consultado según las políticas vigentes.       Biblioteca Centro de Estudios Ruth D. Lechuga Biblioteca Centro de Estudios Ruth D. Lechuga 29/07/2013   F1211 .L94 1904 GRL00342 22/03/2019 22/03/2019 Libros
El ejemplar forma parte de la colección y puede ser consultado según las políticas vigentes.       Biblioteca Centro de Estudios Ruth D. Lechuga Biblioteca Centro de Estudios Ruth D. Lechuga 25/08/2015   F1211 .L94 1904 GRL00343 22/03/2019 22/03/2019 Libros
El ejemplar forma parte de la colección y puede ser consultado según las políticas vigentes.       Biblioteca Centro de Estudios Ruth D. Lechuga Biblioteca Centro de Estudios Ruth D. Lechuga 25/08/2015   F1211 .L94 1904 GRL00344 22/03/2019 22/03/2019 Libros